|
|
|
|
| LEADER |
00000nab a2200000 a 4500 |
| 001 |
vtls000194576 |
| 003 |
SK-MaSNL |
| 005 |
20260302205812.0 |
| 008 |
111106c1984 xo 0 slo |
| 015 |
|
|
|a SNBRB19rr/mm-uuuuu
|
| 035 |
|
|
|a CL0204689
|
| 040 |
|
|
|a SNKBUCL
|b slo
|c SNKBUCL
|e AACR2
|
| 041 |
0 |
|
|a slo
|
| 044 |
|
|
|a xo
|c SK
|
| 080 |
|
|
|a 885.4-3(087.5)
|2 1981
|
| 100 |
1 |
|
|a Stoličný, Peter,
|d 1945-
|4 aut
|9 116252
|
| 245 |
1 |
0 |
|a Tretí nápad
|c Peter Stoličný ; Marián Minarovič
|
| 650 |
0 |
7 |
|a poviedky chlapčenské
|2 snkbucl
|9 902739
|
| 650 |
0 |
7 |
|a literatúra pre deti a mládež
|2 snkbucl
|9 21893
|
| 655 |
|
7 |
|a články z novín a časopisov
|2 snkbucl
|9 267496
|
| 655 |
|
7 |
|a články z odboru literárna veda a krásna literatúra
|2 snkbucl
|9 770045
|
| 700 |
1 |
|
|a Minarovič, Marián,
|d 1946-2016
|4 gup
|9 56128
|
| 773 |
0 |
|
|t Ohník
|g Roč. 37, č. 2 (1984), s. 4-5
|
| 850 |
|
|
|a Slovenská národná knižnica v Martine
|a MTA001
|
| 852 |
|
|
|a SNK
|b KIS3GCP
|
| 958 |
|
|
|a RK
|
| 958 |
|
|
|a LX
|
| 992 |
|
|
|a RBX
|
| 999 |
|
|
|c 1479431
|d 1481361
|